Using information technology : (رقم التسجيلة. 14304)
[ عرض عادي ]
| 000 -الفاتح | |
|---|---|
| حقل البيانات ثابتة الطول | 01081nam a2200301 a 4500 |
| 001 - رقم الضبط | |
| رقم الضبط | 015587540 |
| 003 - محدد رقم الضبط | |
| رقم الضبط | Uk |
| 005 - وقت وتاريخ اخر تعامل مع التسجيلة | |
| رقم الضبط | 20150408113918.0 |
| 008 - عناصر البيانات ثابتة الطول - معلومات عامة | |
| حقل البيانات ثابتة الطول | 101112s2011 nyua b 001 0 eng d |
| 015 ## - رقم الببليوجرافية الوطنية | |
| رقم الببليوجرافية الوطنية | GBB139427 |
| المصدر | bnb |
| 020 ## - الرقم الدولى المعيارى للكتب | |
| الرقم الدولى المعيارى للكتاب | 9780071221399 (pbk.) : |
| شروط الاتاحة | £38.99 |
| 020 ## - الرقم الدولى المعيارى للكتب | |
| الرقم الدولى المعيارى للكتاب | 0071221395 (pbk.) : |
| شروط الاتاحة | £38.99 |
| 040 ## - مصدر الفهرسة | |
| وكالة الفهرسة الأصلية | StDuBDS |
| لغة الفهرسة | eng |
| وكالة النسخ | StDuBDS |
| وكالة التعديل | Uk |
| 042 ## - رمز التحقق | |
| رمز التحقق | ukblcatcopy |
| 082 04 - رقم تصنيف ديوى العشرى | |
| رقم التصنيف | 004 |
| رقم الطبعة | 22 |
| رقم المادة | WBU |
| 100 1# - المدخل الرئيسى - إسم شخصى | |
| الإسم الشخصى | Williams, Brian K., |
| التواريخ المصاحبة للاسم | 1938- |
| 9 (RLIN) | 4167 |
| 245 10 - بيان العنوان | |
| العنوان | Using information technology : |
| بقية العنوان | a practical introduction to computers & communications : complete version / |
| بيان المسئوليه,etc | Brian K. Williams, Stacey C. Sawyer. |
| 250 ## - بيان الطبعة | |
| بيان الطبعة | 9th ed., International student ed. |
| 260 ## - PUBLICATION, DISTRIBUTION, ETC. (IMPRINT) | |
| مكان الناشر او الموزع | New York ; |
| -- | London : |
| اسم الناشر او الموزع | McGraw-Hill, |
| تاريخ النشر أو التوزيع | c2011. |
| 300 ## - الوصف المادى | |
| التعداد | xxviii, 577 p. : |
| تفاصيل ماديه اخرى للوعاء | ill. (chiefly col.) ; |
| أبعاد الوعاء | 28 cm. |
| 500 ## - تبصرة عامة | |
| تبصرة عامة | Previous ed.: 2010. |
| 500 ## - تبصرة عامة | |
| تبصرة عامة | Text on inside covers. |
| 504 ## - تبصرة ببليوجرافية | |
| تبصرة ببليوجرافية,الخ | Includes bibliographical references and index. |
| 650 #0 - المدخل الاضافى بالموضوع-مصطلح موضوعى | |
| مصطلح موضوعي أو اسم جغرافي كعنصر مدخل | Information technology. |
| 700 1# - المدخل الاضافى - اسم شخصى | |
| الإسم الشخصى | Sawyer, Stacey C. |
| 9 (RLIN) | 4168 |
| 942 ## - عناصر المدخل الإضافي( كوها) | |
| مصدر التصنيف او مخطط الترفيف | Dewey Decimal Classification |
| Koha [default] item type | DVD |
| حالة الفقد | نموذج السعر الفعال | حالة تلف | ليس للاعارة | رقم الطلب | تاريخ الاكتساب | الموقع الحالي | الباركود | الفرع الرئيسي | Date last seen | نوع المادة فى نظام كوها | مصدر التصنيف او خطة الترفيف | Total Checkouts |
|---|---|---|---|---|---|---|---|---|---|---|---|---|
| 2013-03-10 | 004 WBU | 2011-09-10 | قسم الاجراءات الفنية (IC) | 00101524 | قسم الاجراءات الفنية (IC) | 2013-03-10 | كتاب | Dewey Decimal Classification | ||||
| 2013-03-10 | 004 WBU | 2011-09-10 | قسم الاجراءات الفنية (IC) | 00101525 | قسم الاجراءات الفنية (IC) | 2013-03-10 | كتاب | Dewey Decimal Classification |
